| 000 | 01057nam a22003257a 4500 | ||
|---|---|---|---|
| 003 | CHAP | ||
| 005 | 20220329140729.0 | ||
| 008 | 971013s1968 ve r 00010 spa d | ||
| 010 | _a56696 | ||
| 011 | _a57668 | ||
| 035 | _a61823 | ||
| 040 | _cCHAP | ||
| 082 | 0 | 4 |
_a574.9 _bS6 |
| 110 | 2 |
_aSociedad de Ciencias Físicas y Naturales de Caracas _9108059 |
|
| 245 | 1 | _aActas | |
| 260 |
_aCaracas : _b[s. e.], _c1968- |
||
| 300 | _av. | ||
| 490 | 0 | _aColección Histórico-económica venezolana | |
| 500 | _aLa biblioteca tiene: v.1-2 | ||
| 590 |
_aBATCH-UPD _b10 _c20130110 _lUCH01 _h0652 |
||
| 590 |
_aBATCH-UPD _b10 _c20130410 _lUCH01 _h0337 |
||
| 590 |
_aBATCH-UPD _b10 _c20130914 _lUCH01 _h0935 |
||
| 590 |
_aCONVERSION _b10 _c20130109 _lUCH01 _h1330 |
||
| 650 | 1 | 4 |
_aCiencias naturales. _923181 |
| 830 | 0 |
_aColección Histórico-económica venezolana _924871 |
|
| 901 | _aBK | ||
| 942 | _cLIBRO | ||
| 949 |
_a574.9 S6 _bBC _cLIBRO _d33724000476180 _eLIBRO _fv.2 _h42679 _i61823 _si |
||
| 949 |
_a574.9 S6 _bBC _cLIBRO _d33724000476198 _eLIBRO _fv.1 _h42678 _i61823 _si |
||
| 999 |
_c56696 _d56696 |
||